000 00731nam a2200241 a 4500
001 66610
003 BD-RjUL
005 20211209081547.0
008 170323r19671946nyua 001 0 eng d
035 _a(BD-RjUL)66740
035 _a(OCoLC)1612926
040 _aDLC
_cFM
_dOCoLC
_dNBiSU
_dFrPBIS
_dDLC
_dBD-RjUL
_beng
041 _aeng
082 _223
_a621.315
_bBRC 1967
100 1 _aBrotherton, M.
_9197187
245 1 0 _aCapacitors :
_b their use in electronic circuits /
_cby M. Brotherton
260 _aNew York :
_bD. Van Nostrand Company, Inc.,
_cc1946 [Reprinted 1967]
300 _avi, 107 p. :
_bill. ;
_c24 cm.
500 _aIncludes Index.
650 0 _aCapacitors.
_9197188
942 _2ddc
_cBK
999 _c66610
_d66610